<?xml version="1.0" encoding="UTF-8"?>
<record
    xmlns:xsi="http://www.w3.org/2001/XMLSchema-instance"
    xsi:schemaLocation="http://www.loc.gov/MARC21/slim http://www.loc.gov/standards/marcxml/schema/MARC21slim.xsd"
    xmlns="http://www.loc.gov/MARC21/slim">

  <leader>00458nam a2200169Ia 4500</leader>
  <controlfield tag="008">230718s9999    xx            000 0 und d</controlfield>
  <datafield tag="020" ind1=" " ind2=" ">
    <subfield code="a">9789351502791</subfield>
  </datafield>
  <datafield tag="041" ind1=" " ind2=" ">
    <subfield code="a">eng</subfield>
  </datafield>
  <datafield tag="082" ind1=" " ind2=" ">
    <subfield code="a">650.1</subfield>
    <subfield code="b">JOS</subfield>
  </datafield>
  <datafield tag="100" ind1=" " ind2=" ">
    <subfield code="a">Joshi G.</subfield>
    <subfield code="9">106390</subfield>
  </datafield>
  <datafield tag="245" ind1=" " ind2=" ">
    <subfield code="a">Campus To Corporate</subfield>
    <subfield code="b">Your Roadmap To Employability</subfield>
  </datafield>
  <datafield tag="260" ind1=" " ind2=" ">
    <subfield code="c">2016</subfield>
    <subfield code="b">Sage</subfield>
  </datafield>
  <datafield tag="300" ind1=" " ind2=" ">
    <subfield code="a">220</subfield>
  </datafield>
  <datafield tag="365" ind1=" " ind2=" ">
    <subfield code="c">Rs.</subfield>
    <subfield code="b">260.00</subfield>
  </datafield>
  <datafield tag="700" ind1=" " ind2=" ">
    <subfield code="a">Joshi G.</subfield>
    <subfield code="9">106390</subfield>
  </datafield>
  <datafield tag="906" ind1=" " ind2=" ">
    <subfield code="d">O:0679209-Dec-2019B:965603-Dec-2019</subfield>
    <subfield code="c">GENRL</subfield>
    <subfield code="b">65</subfield>
  </datafield>
  <datafield tag="999" ind1=" " ind2=" ">
    <subfield code="c">350690</subfield>
    <subfield code="d">350690</subfield>
  </datafield>
  <datafield tag="952" ind1=" " ind2=" ">
    <subfield code="0">0</subfield>
    <subfield code="1">0</subfield>
    <subfield code="4">0</subfield>
    <subfield code="7">0</subfield>
    <subfield code="a">CCEP</subfield>
    <subfield code="b">CCEP</subfield>
    <subfield code="d">2019-12-09</subfield>
    <subfield code="e">The Forward Books</subfield>
    <subfield code="f">GENRL</subfield>
    <subfield code="g">195.00</subfield>
    <subfield code="i">9656</subfield>
    <subfield code="l">2</subfield>
    <subfield code="o">650.1</subfield>
    <subfield code="p">CCEP-BK-61897</subfield>
    <subfield code="r">2024-03-11 00:00:00</subfield>
    <subfield code="s">2024-03-02</subfield>
    <subfield code="t">65</subfield>
    <subfield code="v">260.00</subfield>
    <subfield code="w">2019-12-03</subfield>
    <subfield code="y">BK</subfield>
    <subfield code="z">061897</subfield>
  </datafield>
</record>
